00506 2200205 4500001002100000008004100021035002000062245006700082100001800149250000600167260003200173300001100205084001400216082000800230650001400238990001200252990001200264990001200276990001200288INLIS000000000000461 ind  a0010-0424000437 aNama - Nama Besar Kimiawan Hebat : Louis PasteurcSteve Parker aParker, Steve a1 aBandung :bPakar Rayac2009 a32 hlm a600 STE n a600 aNon Fiksi a0722643 a0722644 a0722645 a0722646